=LDR 00000nam 2200000 4500 =001 INLIS000000000032081 =005 20130612134117 =008 ***********************************ind** =035 ##$$0010-061300000032081 =041 ##$$a ind =082 ##$$a 500 =090 ##$$a 500, Ilm i =245 ##$$a Ilmu Pengetahuan Populer jld 10, Teknologi Apendiks Indeks =260 ##$$a ( 20... ) $b Jakarta =300 ##$$a 298 hlm, illus, 27 cm =650 ##$$a Sains =850 ##$$a NBPNMAT